[Event "Titled Tue 3rd Jun Early"]
[Site "chess.com INT"]
[Date "2025.06.03"]
[Round "9"]
[White "Kopczynski, Michal"]
[Black "Chelly, Yahya"]
[Result "1-0"]
[WhiteTitle "CM"]
[BlackTitle "CM"]
[WhiteElo "2225"]
[BlackElo "2039"]
[WhiteFideId "1124200"]
[BlackFideId "5516200"]
[EventDate "2025.06.03"]

1. e4 c6 2. d4 d5 3. Nc3 dxe4 4. Nxe4 Nf6 5. Ng3 h5 6. Nf3 h4 7. Ne2 h3 8. gxh3
Bxh3 9. Bxh3 Rxh3 10. Nf4 Rh8 11. Qe2 e6 12. Bd2 Bd6 13. O-O-O Qc7 14. Ne5 Nbd7
15. Neg6 Nf8 16. Nxe6 Nxe6 17. Nxh8 O-O-O 18. Nxf7 Qxf7 19. c3 Bf4 20. Kb1 Bxd2
21. Rxd2 Kb8 22. h4 Re8 23. Qe5+ Nc7 24. Qf5 Qh5 25. Qf4 Re4 26. Qg5 Qh7 27. Ka1
Ne6 28. Qg3+ Ka8 29. f3 Re3 30. h5 Qf5 31. Rf2 Nxh5 32. Qg4 Qxg4 33. fxg4 Nf6
34. Rh8+ Nf8 35. Rxf8+ Ne8 36. a3 1-0

[Event "Titled Tue 3rd Jun Early"]
[Site "chess.com INT"]
[Date "2025.06.03"]
[Round "9"]
[White "Gabrielian, Artur"]
[Black "Vidal Melendez, Ismael David"]
[Result "0-1"]
[WhiteTitle "GM"]
[BlackTitle "FM"]
[WhiteElo "2419"]
[BlackElo "2294"]
[WhiteFideId "4131002"]
[BlackFideId "3901718"]
[EventDate "2025.06.03"]

1. Nf3 c5 2. e4 e6 3. d3 Nc6 4. g3 g6 5. Bg5 Qb6 6. Nbd2 d5 7. Bg2 Bg7 8. O-O h6
9. exd5 exd5 10. Re1+ Be6 11. c4 Nge7 12. cxd5 Nxd5 13. Nc4 Qc7 14. Nfd2 O-O 15.
Rxe6 fxe6 16. Qg4 Qf7 17. Be3 b5 18. Nd6 Nxe3 19. fxe3 Qf2+ 20. Kh1 Ne5 21.
Qxe6+ Kh7 22. N2e4 Qxb2 23. Re1 Nxd3 24. Rd1 Qe2 25. Rb1 Ne1 26. Ng5+ hxg5 27.
Qh3+ Bh6 0-1

[Event "Titled Tue 3rd Jun Early"]
[Site "chess.com INT"]
[Date "2025.06.03"]
[Round "9"]
[White "Venkatesh, Narayan"]
[Black "Manukian, Artak"]
[Result "1-0"]
[WhiteTitle "FM"]
[WhiteElo "2168"]
[BlackElo "2104"]
[WhiteFideId "30987881"]
[BlackFideId "13301373"]
[EventDate "2025.06.03"]

1. d4 d5 2. c4 dxc4 3. Nf3 Nf6 4. e3 e6 5. Bxc4 c5 6. O-O a6 7. Be2 Nc6 8. Nc3
cxd4 9. exd4 Be7 10. Bg5 O-O 11. a3 b5 12. Bd3 Bb7 13. Re1 Rc8 14. Rc1 b4 15.
axb4 Nxb4 16. Bb1 Nbd5 17. Ne5 Bb4 18. Qf3 h6 19. Bh4 Nxc3 20. Qd3 Nce4 21. f3
Bxe1 22. Rxe1 g5 23. fxe4 gxh4 24. Qe3 Nh7 25. Nf3 Ng5 26. Nxh4 Qc7 27. Rf1 Rfd8
28. Nf3 Qe7 29. Ne5 Qd6 30. Qf4 Qxd4+ 31. Kh1 Rf8 32. h4 Bxe4 33. hxg5 Bxg2+ 34.
Kxg2 Qxf4 35. Rxf4 hxg5 36. Ra4 Rfd8 37. Bd3 Rd4 38. Rxd4 1-0

[Event "Titled Tue 3rd Jun Early"]
[Site "chess.com INT"]
[Date "2025.06.03"]
[Round "9"]
[White "Andrade, Ivan"]
[Black "Gavarrete, Nahun"]
[Result "0-1"]
[WhiteTitle "FM"]
[BlackTitle "FM"]
[WhiteElo "2161"]
[BlackElo "2281"]
[WhiteFideId "14800039"]
[BlackFideId "8400709"]
[EventDate "2025.06.03"]

1. e4 e5 2. Nf3 Nc6 3. Bb5 Nf6 4. d3 d6 5. O-O Be7 6. c3 O-O 7. h3 Be6 8. d4
exd4 9. cxd4 d5 10. e5 Nd7 11. Nc3 a6 12. Ba4 b5 13. Bc2 Nb4 14. Bb1 c5 15. a3
Nc6 16. dxc5 Nxc5 17. b4 d4 18. Qc2 d3 19. Qd1 Nb3 20. Ra2 Nxc1 21. Qxc1 Bxa2
22. Bxa2 Nd4 23. Qf4 Nxf3+ 24. Qxf3 Qd4 25. Nd5 Bg5 26. Rd1 d2 27. Qf5 Rac8 28.
Qxg5 Rc1 29. Bb3 Rxd1+ 30. Bxd1 Qxd5 31. Qe3 h6 32. Bb3 d1=Q+ 0-1

[Event "Titled Tue 3rd Jun Early"]
[Site "chess.com INT"]
[Date "2025.06.03"]
[Round "9"]
[White "Hrabinska, Myroslava"]
[Black "Gulecyuz, Deniz"]
[Result "0-1"]
[WhiteTitle "WGM"]
[WhiteElo "2121"]
[BlackElo "1991"]
[WhiteFideId "14109190"]
[BlackFideId "30921341"]
[EventDate "2025.06.03"]

1. e4 c5 2. b4 cxb4 3. a3 bxa3 4. d4 g6 5. Bd3 Bg7 6. c3 Nf6 7. e5 Nd5 8. f4 O-O
9. Nf3 d6 10. O-O Nc6 11. Qe1 dxe5 12. fxe5 Bg4 13. Nxa3 Rc8 14. Nc4 Bxf3 15.
Rxf3 Nxc3 16. Qxc3 Nxd4 17. Rf4 Ne6 18. Qb3 b5 19. Nb2 Nxf4 20. Bxb5 Bxe5 21. g3
Ne6 22. Bc4 Qd4+ 23. Kg2 Rxc4 24. Qxc4 Qxc4 25. Nxc4 Bxa1 0-1

[Event "Titled Tue 3rd Jun Early"]
[Site "chess.com INT"]
[Date "2025.06.03"]
[Round "9"]
[White "Filindash, Nikita"]
[Black "Madi, Aidana"]
[Result "1-0"]
[WhiteTitle "CM"]
[BlackTitle "WFM"]
[WhiteElo "2198"]
[BlackElo "1855"]
[WhiteFideId "34159983"]
[BlackFideId "13722689"]
[EventDate "2025.06.03"]

1. d4 d5 2. c4 e6 3. Nc3 c5 4. cxd5 exd5 5. Nf3 Nc6 6. Bg5 Nf6 7. dxc5 d4 8. Ne4
Be7 9. Bxf6 Bxf6 10. Nd6+ Kf8 11. g3 b6 12. Nxc8 Rxc8 13. cxb6 Qxb6 14. Bh3 Qb4+
15. Qd2 Qxd2+ 16. Nxd2 Re8 17. Bd7 Nb4 18. Bxe8 Nc2+ 19. Kf1 Nxa1 20. Ba4 d3 21.
exd3 Bxb2 22. Kg2 Ke7 23. Nc4 Bf6 24. Re1+ Kd8 25. Nd6 Kc7 26. Ne8+ Kb7 27. Nxf6 1-0

[Event "Titled Tue 3rd Jun Early"]
[Site "chess.com INT"]
[Date "2025.06.03"]
[Round "9"]
[White "Rahman, Masruri"]
[Black "Bozorov, Javohir"]
[Result "1-0"]
[WhiteTitle "FM"]
[BlackTitle "FM"]
[WhiteElo "2407"]
[BlackElo "2093"]
[WhiteFideId "7101163"]
[BlackFideId "14216957"]
[EventDate "2025.06.03"]

1. d4 Nf6 2. Bg5 Ne4 3. Bf4 d5 4. e3 c5 5. Nd2 Nc6 6. Nxe4 dxe4 7. c3 Qb6 8. Rb1
Bf5 9. Bc4 Rd8 10. Qb3 Qxb3 11. Bxb3 e6 12. Ne2 Be7 13. h3 O-O 14. O-O cxd4 15.
Nxd4 Nxd4 16. cxd4 Rc8 17. Rbc1 Bb4 18. Rfd1 Bg6 19. a3 Ba5 20. Rxc8 Rxc8 21. d5
exd5 22. Rxd5 Bb6 23. Rd7 h5 24. g4 hxg4 25. hxg4 Rc1+ 26. Kg2 Rb1 27. Be5 Re1
28. Rxb7 Re2 29. Kf1 Rd2 30. Bc3 Rd6 31. a4 a5 32. Bc4 Kf8 33. Bb5 f6 34. Rb8+
Ke7 35. b4 Bc7 36. Rb7 Kd8 37. bxa5 Kc8 38. a6 1-0

[Event "Titled Tue 3rd Jun Early"]
[Site "chess.com INT"]
[Date "2025.06.03"]
[Round "9"]
[White "Myagmarsuren, Evsuld"]
[Black "Mora Munoz, Alejandro"]
[Result "1-0"]
[WhiteTitle "FM"]
[BlackTitle "FM"]
[WhiteElo "2292"]
[BlackElo "2147"]
[WhiteFideId "1551639"]
[BlackFideId "4469844"]
[EventDate "2025.06.03"]

1. Nf3 Nf6 2. g3 g6 3. Bg2 Bg7 4. O-O O-O 5. c4 d5 6. d4 c6 7. Nc3 Nbd7 8. cxd5
cxd5 9. Bf4 a6 10. Rc1 Nh5 11. Nxd5 Nxf4 12. Nxf4 Nb6 13. Qb3 Bg4 14. Rfd1 Qd6
15. a4 Rab8 16. h3 Bd7 17. a5 Nc8 18. Ne5 Na7 19. Qb6 Bb5 20. Qxa7 Bxe5 21. dxe5
Qxe5 22. Qd4 Qg5 23. Rc5 Qh6 24. b4 Rfd8 25. Qxd8+ Rxd8 26. Rxd8+ Kg7 27. h4 Bc6
28. Bxc6 bxc6 29. Rxc6 e5 30. Nd5 Qd2 31. Kg2 Qxe2 32. Nf6 e4 33. Rg8+ Kh6 34.
Rc3 Qd2 35. Ng4+ Kh5 36. Rc5+ f5 37. Ne3 Qxb4 38. Rxf5+ Kh6 39. Ng4# 1-0

[Event "Titled Tue 3rd Jun Early"]
[Site "chess.com INT"]
[Date "2025.06.03"]
[Round "9"]
[White "Abraham, John Z"]
[Black "Velikanov, Alexander"]
[Result "1-0"]
[BlackTitle "IM"]
[WhiteElo "2100"]
[BlackElo "2372"]
[WhiteFideId "30987318"]
[BlackFideId "2039290"]
[EventDate "2025.06.03"]

1. d4 d5 2. c4 c5 3. cxd5 Qxd5 4. Nf3 cxd4 5. Nc3 Qa5 6. Qxd4 Nc6 7. Qd1 Bf5 8.
Bd2 O-O-O 9. e4 Bg4 10. Nd5 Qc5 11. Rc1 Qd6 12. Bb5 Bxf3 13. gxf3 e6 14. Bxc6
bxc6 15. Qa4 Kb7 16. Bb4 c5 17. Bxc5 Qxc5 18. Rxc5 Bxc5 19. Qb5+ Bb6 20. Nxb6
axb6 21. O-O Ne7 22. a4 Nc6 23. a5 Nxa5 24. Ra1 Nc6 25. Ra6 Nd4 26. Qxb6+ Kc8
27. Ra7 Ne2+ 28. Kf1 Rd1+ 29. Kxe2 Rc1 30. Qb7+ Kd8 31. Ra8+ Rc8 32. Rxc8# 1-0

[Event "Titled Tue 3rd Jun Early"]
[Site "chess.com INT"]
[Date "2025.06.03"]
[Round "9"]
[White "Gyurjinyan, Valter"]
[Black "Kourkoulos-Arditis, Stamatis"]
[Result "1-0"]
[WhiteTitle "CM"]
[BlackTitle "GM"]
[WhiteElo "2208"]
[BlackElo "2580"]
[WhiteFideId "13318179"]
[BlackFideId "4221990"]
[EventDate "2025.06.03"]

1. e4 Nf6 2. e5 Nd5 3. d4 d6 4. Nf3 g6 5. Be2 Bg7 6. exd6 cxd6 7. O-O O-O 8. c4
Nb6 9. h3 Nc6 10. Nc3 Bf5 11. d5 Na5 12. Nd4 Naxc4 13. Nxf5 gxf5 14. a4 Ne5 15.
Qb3 Rb8 16. Be3 Ng6 17. a5 f4 18. axb6 fxe3 19. bxa7 exf2+ 20. Kh1 Ra8 21. Qxb7
Bd4 22. Nb5 Qb6 23. Qxb6 Bxb6 24. Ra6 Be3 25. Rfa1 Nf4 26. Bc4 Kg7 27. g3 Ng6
28. Nc7 Rxa7 29. Rxa7 Bxa7 30. Rxa7 Ne5 31. Be2 Rb8 32. Nb5 Nf3 33. Kg2 Ng1 34.
Bf1 Kf6 35. Kxf2 Nxh3+ 36. Ke3 Ng5 37. b4 h5 38. Bd3 Nh3 39. Nc7 Rxb4 40. Ne8+
Kg5 41. Rxe7 Kg4 42. Nxd6 Kxg3 43. Rxf7 Ng5 44. Rg7 Kg4 45. Be2+ Kh4 46. Nf5+
Kh3 47. Rxg5 h4 48. d6 Rb5 49. Bxb5 1-0

[Event "Titled Tue 3rd Jun Early"]
[Site "chess.com INT"]
[Date "2025.06.03"]
[Round "9"]
[White "Mizzi, Jack"]
[Black "Arabidze, Meri"]
[Result "1-0"]
[WhiteTitle "CM"]
[BlackTitle "IM"]
[WhiteElo "2086"]
[BlackElo "2440"]
[WhiteFideId "5602521"]
[BlackFideId "13604040"]
[EventDate "2025.06.03"]

1. d4 d5 2. c4 dxc4 3. e3 Be6 4. Nf3 Nf6 5. Nbd2 Bd5 6. Bxc4 e6 7. O-O Nbd7 8.
Re1 c5 9. e4 Bxc4 10. Nxc4 cxd4 11. Nxd4 Nc5 12. Nb5 a6 13. Nbd6+ Bxd6 14. Nxd6+
Kf8 15. Bg5 Qb6 16. Bxf6 gxf6 17. b4 Qxb4 18. Rb1 Qc3 19. Nxb7 Nd3 20. Re3 Nxf2
21. Rxc3 Nxd1 22. Rxd1 Rb8 23. Rd8+ Rxd8 24. Nxd8 Kg7 25. Rc8 Kg6 26. Kf2 h5 27.
h4 Rg8 28. Nc6 Rxc8 29. Ne7+ Kg7 30. Nxc8 Kf8 31. Ke3 Ke8 32. Nd6+ Ke7 33. Nb7
Kd7 34. Nc5+ 1-0

[Event "Titled Tue 3rd Jun Early"]
[Site "chess.com INT"]
[Date "2025.06.03"]
[Round "9"]
[White "Harriott, Tyrell"]
[Black "Reprintsev, Alexander"]
[Result "0-1"]
[BlackTitle "IM"]
[WhiteElo "1924"]
[BlackElo "2256"]
[WhiteFideId "2086484"]
[BlackFideId "14100541"]
[EventDate "2025.06.03"]

1. d4 d5 2. e3 Bf5 3. Ne2 e6 4. Ng3 Bg6 5. Be2 c5 6. O-O Nc6 7. f4 Nge7 8. c3
Qc7 9. Nd2 h5 10. Nh1 h4 11. Nf2 Bf5 12. Nf3 f6 13. Bd3 Bxd3 14. Qxd3 Nf5 15. e4
dxe4 16. Qxe4 Qd7 17. Re1 cxd4 18. Qxe6+ Qxe6 19. Rxe6+ Kf7 20. Re1 Bc5 21. Ne4
Bb6 22. cxd4 Ncxd4 23. Nxd4 Bxd4+ 24. Kf1 Rae8 25. Rb1 h3 26. g3 Rxe4 27. Rxe4
Nxg3+ 28. Ke1 Nxe4 29. b3 Re8 30. Kf1 Rc8 31. Ba3 Nd2+ 32. Ke2 Nxb1 33. Bb4 Rc2+
34. Kd3 Rxh2 35. Kxd4 Rxa2 36. f5 h2 37. Kc4 h1=Q 38. Bc5 Qf1+ 39. Kd5 Nc3+ 40.
Kd6 Qf4+ 41. Kd7 Rd2+ 42. Kc8 Qxf5+ 43. Kb8 Qxc5 44. b4 Qb6 0-1

[Event "Titled Tue 3rd Jun Early"]
[Site "chess.com INT"]
[Date "2025.06.03"]
[Round "9"]
[White "Mayta Aiza, Maveric"]
[Black "Durarbayli, Vasif"]
[Result "0-1"]
[WhiteTitle "CM"]
[BlackTitle "GM"]
[WhiteElo "2184"]
[BlackElo "2612"]
[WhiteFideId "3307336"]
[BlackFideId "13402935"]
[EventDate "2025.06.03"]

1. e4 e5 2. Nf3 Nc6 3. Nc3 g6 4. d4 exd4 5. Nxd4 Bg7 6. Be3 Nf6 7. a3 O-O 8. Bc4
Nxe4 9. Nxe4 d5 10. Nxc6 bxc6 11. O-O dxc4 12. c3 Bf5 13. Nc5 Rb8 14. Qe2 Bd3
15. Nxd3 Qxd3 16. Qxd3 cxd3 17. Rfd1 Rxb2 18. Rxd3 a5 19. g3 Rb3 20. a4 Rc8 21.
Kg2 h5 22. Rc1 Ra3 23. Bd4 Rxa4 24. Bxg7 Kxg7 25. Rd7 Rc4 26. Re1 Rxc3 27. Ree7
Rf8 28. Rxc7 a4 29. Ra7 a3 30. Rec7 Kf6 31. Ra6 Ke5 32. Rca7 c5 33. Ra4 c4 34.
Rd7 Ke6 35. Rc7 Kd5 36. f4 Rb8 37. Rxf7 Rb2+ 38. Kh3 a2 39. Rfa7 Rcc2 40. Kh4
Rxh2+ 41. Kg5 c3 42. Rc7 c2 43. Kxg6 Rh1 44. f5 c1=Q 45. Rxc1 Rxc1 46. f6 a1=Q
47. Rxa1 Rxa1 48. Kxh5 Rg1 49. g4 Rf2 50. g5 Ke6 51. Kg6 Rxf6+ 0-1

[Event "Titled Tue 3rd Jun Early"]
[Site "chess.com INT"]
[Date "2025.06.03"]
[Round "9"]
[White "Purtseladze, Maka"]
[Black "Piesik, Piotr"]
[Result "0-1"]
[WhiteTitle "IM"]
[BlackTitle "IM"]
[WhiteElo "2261"]
[BlackElo "2436"]
[WhiteFideId "13602659"]
[BlackFideId "1136194"]
[EventDate "2025.06.03"]

1. d4 c5 2. d5 e5 3. Nc3 d6 4. e4 Be7 5. Nf3 a6 6. a4 Bg4 7. a5 Nd7 8. Be2 Bxf3
9. Bxf3 Bg5 10. Bxg5 Qxg5 11. Na4 Qd8 12. Qd2 Ne7 13. Ra3 O-O 14. Rb3 Rb8 15.
O-O c4 16. Ra3 Qc7 17. Qc3 f5 18. Re1 fxe4 19. Bxe4 Nf6 20. Nb6 Qc5 21. Qd2 Rf7
22. Ra4 Nxe4 23. Rxe4 Rbf8 24. Re2 Ng6 25. Rxc4 Qb5 26. Qb4 Nf4 27. Rd2 Qe8 28.
Qxd6 Rf6 29. Qc5 Qg6 30. Rxf4 Rxf4 31. Qe3 Re4 0-1

[Event "Titled Tue 3rd Jun Early"]
[Site "chess.com INT"]
[Date "2025.06.03"]
[Round "9"]
[White "Skytte, Robert"]
[Black "Lopez Abreu, Michel Samuel"]
[Result "1-0"]
[WhiteTitle "CM"]
[BlackTitle "FM"]
[WhiteElo "2007"]
[BlackElo "2038"]
[WhiteFideId "1471775"]
[BlackFideId "3927903"]
[EventDate "2025.06.03"]

1. e4 e6 2. d4 d5 3. Nc3 dxe4 4. Nxe4 Nd7 5. Nf3 Ngf6 6. Nxf6+ Nxf6 7. Ne5 Bd6
8. Bd3 O-O 9. Bg5 Be7 10. O-O Nd7 11. Bxe7 Qxe7 12. f4 c5 13. Rf3 g6 14. Rh3
cxd4 15. Ng4 h5 16. Nh6+ Kg7 17. Rxh5 gxh5 18. Qxh5 Rh8 19. Qg4+ Kxh6 20. Rf1
Nf6 21. Qg5# 1-0

[Event "Titled Tue 3rd Jun Early"]
[Site "chess.com INT"]
[Date "2025.06.03"]
[Round "9"]
[White "Shandrygin, Nikita"]
[Black "Lai, Duc Minh"]
[Result "1-0"]
[WhiteTitle "FM"]
[WhiteElo "2209"]
[BlackElo "2072"]
[WhiteFideId "24198668"]
[BlackFideId "12420387"]
[EventDate "2025.06.03"]

1. e4 c5 2. b4 cxb4 3. a3 d5 4. exd5 Qxd5 5. Nf3 e5 6. axb4 Bxb4 7. c3 Bd6 8.
Na3 Nc6 9. Bc4 Qe4+ 10. Be2 Nge7 11. Nb5 Qg6 12. d4 exd4 13. Nfxd4 Be5 14. Ba3
a6 15. Bc5 Bd7 16. Nf3 Bf4 17. g3 Bb8 18. O-O Bh3 19. Bd3 Qf6 20. Re1 O-O 21.
Nbd4 1-0

[Event "Titled Tue 3rd Jun Early"]
[Site "chess.com INT"]
[Date "2025.06.03"]
[Round "9"]
[White "Tikhonov, Viacheslav"]
[Black "Khamdamova, Afruza"]
[Result "0-1"]
[WhiteTitle "CM"]
[BlackTitle "WIM"]
[WhiteElo "2183"]
[BlackElo "2344"]
[WhiteFideId "44196407"]
[BlackFideId "14210444"]
[EventDate "2025.06.03"]

1. e4 e5 2. Nf3 Nc6 3. Bc4 Nf6 4. Ng5 d5 5. exd5 Na5 6. Bb5+ c6 7. dxc6 bxc6 8.
Be2 h6 9. Nh3 Bxh3 10. gxh3 Bc5 11. d3 Qb6 12. O-O O-O 13. Nc3 Qc7 14. Ne4 Nxe4
15. dxe4 Rad8 16. Bd3 Nc4 17. Qg4 Nd6 18. Bxh6 f5 19. exf5 e4 20. Bxe4 Nxe4 21.
Qxe4 gxh6 22. Qc4+ Rd5 23. Kh1 Rxf5 24. Rg1+ Rg5 25. h4 Rxg1+ 26. Rxg1+ Kf8 27.
Qg4 Qf7 28. Qc8+ Ke7 29. Re1+ Kf6 30. Qh8+ Kg6 31. Rg1+ Kh5 32. Rg3 Rd1+ 33. Kg2
Qxf2+ 34. Kh3 Qf5+ 35. Kg2 Qf1# 0-1

[Event "Titled Tue 3rd Jun Early"]
[Site "chess.com INT"]
[Date "2025.06.03"]
[Round "9"]
[White "Karttunen, Mika"]
[Black "Ejsymont, Blanka"]
[Result "1-0"]
[WhiteTitle "IM"]
[BlackTitle "WCM"]
[WhiteElo "2490"]
[BlackElo "1907"]
[WhiteFideId "502081"]
[BlackFideId "21088268"]
[EventDate "2025.06.03"]

1. e4 c5 2. Nf3 e6 3. d4 cxd4 4. Nxd4 Nc6 5. Nc3 Nf6 6. Nxc6 bxc6 7. e5 Nd5 8.
Ne4 Qc7 9. f4 Qb6 10. c4 Ne3 11. Qd3 Nxf1 12. Rxf1 Bb4+ 13. Ke2 Ba6 14. Be3 Qc7
15. Bc5 Bxc5 16. Nxc5 Bc8 17. Qd6 Qxd6 18. exd6 f5 19. Rf3 a5 20. Kd3 Rb8 21.
Kc3 Kf7 22. a3 Ra8 23. b3 Rd8 24. Rg1 h6 25. g4 fxg4 26. Rxg4 g6 27. h4 h5 28.
Rg5 Kf6 29. Rfg3 Rg8 30. Rxh5 gxh5 31. Rxg8 Bb7 32. Rxa8 Bxa8 33. Nxd7+ Kf7 34.
Nc5 Ke8 35. Kd4 Kf7 36. Ke5 Ke8 37. Kxe6 Kd8 38. f5 Ke8 39. f6 Kf8 40. f7 Kg7
41. Ke7 Kh7 42. f8=Q Bb7 43. Qf7+ Kh8 44. Ne6 a4 45. Nf4 axb3 46. Ng6# 1-0

[Event "Titled Tue 3rd Jun Early"]
[Site "chess.com INT"]
[Date "2025.06.03"]
[Round "9"]
[White "Garcia Alarcon, Alvaro COL"]
[Black "Skiadopoulos, Nikolaos"]
[Result "0-1"]
[WhiteTitle "FM"]
[BlackTitle "CM"]
[WhiteElo "2105"]
[BlackElo "1882"]
[WhiteFideId "4400330"]
[BlackFideId "4200772"]
[EventDate "2025.06.03"]

1. e4 c5 2. Nc3 e6 3. f4 a6 4. a4 d5 5. e5 f5 6. Nf3 d4 7. Ne2 Bd7 8. d3 Be7 9.
g3 Bc6 10. Bg2 Nh6 11. h3 O-O 12. O-O Bd5 13. c4 Bxf3 14. Bxf3 Nc6 15. Bd2 g5
16. Bg2 g4 17. h4 Rc8 18. a5 Qe8 19. Qa4 Qh5 20. Kf2 Bxh4 21. Rh1 Bxg3+ 22. Kxg3
Qg6 23. Bxc6 Rxc6 24. Rh4 Nf7 25. Rah1 h6 26. b4 Qg7 27. b5 Rcc8 28. bxa6 bxa6
29. Qd7 Rfe8 30. Qb7 Ra8 31. Qc6 Qf8 0-1

[Event "Titled Tue 3rd Jun Early"]
[Site "chess.com INT"]
[Date "2025.06.03"]
[Round "9"]
[White "Saydaliev, Saidakbar"]
[Black "Maghsoodloo, Parham"]
[Result "0-1"]
[WhiteTitle "IM"]
[BlackTitle "GM"]
[WhiteElo "2460"]
[BlackElo "2706"]
[WhiteFideId "14203693"]
[BlackFideId "12539929"]
[EventDate "2025.06.03"]

1. e4 c5 2. Nf3 e6 3. c3 d5 4. e5 Nc6 5. d4 Bd7 6. Be2 Nge7 7. Na3 Rc8 8. O-O h6
9. dxc5 Ng6 10. Nb5 Bxc5 11. Nd6+ Bxd6 12. exd6 O-O 13. Bd3 Be8 14. Re1 Qxd6 15.
Be3 e5 16. b4 b6 17. Bf5 Rc7 18. Qd2 Nce7 19. Bxg6 Nxg6 20. Rad1 Bc6 21. Qb2 Ba4
22. Rd2 Bb5 23. h3 Rfc8 24. Rc2 f6 25. Rcc1 Qe6 26. Qb1 Ne7 27. Nh4 Rxc3 28.
Rxc3 Rxc3 29. Ng6 Bd3 30. Nxe7+ Qxe7 31. Qb2 Qc7 32. Qd2 d4 33. Bxh6 gxh6 34.
Qxh6 Qg7 35. Qh4 Qg5 36. Qxg5+ fxg5 37. Rxe5 Bc4 38. Rxg5+ Kf7 39. Rg4 d3 40.
Rd4 Rc1+ 41. Kh2 Rc2 42. Kg3 b5 43. Kf3 Rxa2 44. h4 Ke6 45. h5 Ke5 46. Rd8 Bd5+
47. Ke3 d2 48. Ke2 Bxg2 49. h6 Be4 50. Re8+ Kd4 51. Rxe4+ Kxe4 52. h7 d1=Q+ 53.
Kxd1 Ra1+ 0-1

[Event "Titled Tue 3rd Jun Early"]
[Site "chess.com INT"]
[Date "2025.06.03"]
[Round "9"]
[White "Tleukhanov, Yerlan"]
[Black "Petrus, Adrian"]
[Result "1-0"]
[WhiteTitle "FM"]
[BlackTitle "CM"]
[WhiteElo "2169"]
[BlackElo "2203"]
[WhiteFideId "13749692"]
[BlackFideId "14573652"]
[EventDate "2025.06.03"]

1. c4 Nf6 2. Nc3 d5 3. cxd5 Nxd5 4. g3 Nxc3 5. bxc3 e5 6. Bg2 c6 7. Nf3 Bd6 8.
O-O O-O 9. d4 Nd7 10. e4 Qe7 11. Bg5 f6 12. Be3 Nb6 13. Nd2 Be6 14. a4 Nc4 15.
Nxc4 Bxc4 16. Re1 Rfd8 17. a5 b5 18. Qg4 Be6 19. Qe2 a6 20. f4 Bc4 21. Qf2 Rac8
22. h4 Re8 23. Bh3 Rc7 24. dxe5 fxe5 25. f5 c5 26. g4 b4 27. g5 b3 28. f6 gxf6
29. gxf6 Qf7 30. Kh2 Rf8 31. Bg5 Rb7 32. Rad1 b2 33. Rxd6 b1=Q 34. Rxb1 Rxb1 35.
Rd7 Qg6 36. Qxc5 Rb2+ 37. Kg3 Qxe4 38. Rg7+ Kh8 39. Qxf8+ Bg8 40. Rxg8# 1-0

[Event "Titled Tue 3rd Jun Early"]
[Site "chess.com INT"]
[Date "2025.06.03"]
[Round "9"]
[White "Jaskolka, Tomasz"]
[Black "Jasinski, Alexander"]
[Result "1-0"]
[WhiteTitle "CM"]
[WhiteElo "2200"]
[BlackElo "1964"]
[WhiteFideId "1170791"]
[BlackFideId "55627994"]
[EventDate "2025.06.03"]

1. d4 Nf6 2. Bf4 g6 3. Nc3 Bg7 4. e4 O-O 5. Qd2 d6 6. O-O-O Nc6 7. Nf3 Bg4 8.
Qe3 Nh5 9. Bh6 Bxh6 10. Qxh6 Bxf3 11. gxf3 e5 12. dxe5 Nxe5 13. Be2 f6 14. Rhg1
Kh8 15. Qe3 g5 16. Nd5 c6 17. f4 cxd5 18. fxe5 Nf4 19. exd5 fxe5 20. h4 gxh4 21.
Rg4 Qf6 22. Rdg1 Rg8 23. Bf3 Rxg4 24. Rxg4 Rg8 25. Qxa7 Rxg4 26. Bxg4 Qg5 27.
Qb8+ Kg7 28. Qc7+ Kh6 29. Qc8 Nd3+ 30. Kd1 Qc1+ 31. Ke2 Nf4+ 32. Kf3 Qd1+ 33.
Ke4 Qxc2+ 34. Qxc2 1-0

[Event "Titled Tue 3rd Jun Early"]
[Site "chess.com INT"]
[Date "2025.06.03"]
[Round "9"]
[White "Bratovic, Blaz"]
[Black "Ochedzan, Filip"]
[Result "1-0"]
[WhiteTitle "IM"]
[BlackTitle "CM"]
[WhiteElo "2319"]
[BlackElo "2130"]
[WhiteFideId "14603551"]
[BlackFideId "21892610"]
[EventDate "2025.06.03"]

1. e4 g6 2. d4 Bg7 3. Nc3 d5 4. exd5 Nf6 5. Bc4 O-O 6. Nge2 Nbd7 7. Bb3 Nb6 8.
O-O Nfxd5 9. Nxd5 Nxd5 10. c4 Nb6 11. d5 c6 12. dxc6 bxc6 13. Bg5 Bxb2 14. Rb1
Qxd1 15. Rfxd1 Bf6 16. Bxf6 exf6 17. c5 Be6 18. cxb6 axb6 19. Rd6 Bxb3 20. axb3
Rfe8 21. Nc3 Re6 22. Rbd1 Ra3 23. Rxe6 fxe6 24. Rd6 Ra1+ 25. Rd1 Ra3 26. Rb1 Kf7
27. Kf1 e5 28. Ke2 Ke6 29. Kd3 b5 30. b4 f5 31. Kc2 Ra8 32. Rb2 Rd8 33. Ra2 Rd4
34. Kb3 e4 35. Ra6 Rd2 36. Rxc6+ Ke5 37. Rc5+ Ke6 38. Nxb5 Rxf2 39. Rc2 e3 40.
Nc3 f4 41. b5 Kd7 42. Ra2 Kc7 43. Ra7+ Kb6 44. Ra6+ Kb7 45. Re6 Rxg2 46. Nd5 g5
47. Re7+ Kb8 48. b6 Rg1 49. Nb4 Rb1+ 50. Ka4 f3 51. Nc6+ Kc8 52. Rc7# 1-0

[Event "Titled Tue 3rd Jun Early"]
[Site "chess.com INT"]
[Date "2025.06.03"]
[Round "9"]
[White "Buscar, Michael"]
[Black "Leinov, Roman"]
[Result "1-0"]
[BlackTitle "CM"]
[WhiteElo "2016"]
[BlackElo "2120"]
[WhiteFideId "2603616"]
[BlackFideId "13504649"]
[EventDate "2025.06.03"]

1. d4 Nf6 2. c4 e6 3. Nc3 Bb4 4. e3 b6 5. Bd3 Bb7 6. Nf3 Ne4 7. Qc2 Bxc3+ 8.
bxc3 f5 9. Ba3 d6 10. c5 bxc5 11. dxc5 Nxc5 12. Bxc5 dxc5 13. Bc4 O-O 14. Bxe6+
Kh8 15. Bxf5 Qf6 16. Bxh7 Bxf3 17. gxf3 Nd7 18. Be4 Rae8 19. Rg1 Qh4 20. O-O-O
Nf6 21. Bg6 Rb8 22. f4 c4 23. Qe2 Rb6 24. Bc2 Rd6 25. Rxd6 cxd6 26. Qxc4 Qxf2
27. Rg3 Qxh2 28. Rg6 Rb8 29. Qf7 Re8 30. Qxg7# 1-0

[Event "Titled Tue 3rd Jun Early"]
[Site "chess.com INT"]
[Date "2025.06.03"]
[Round "9"]
[White "Gbiorczyk, Mikolaj"]
[Black "Florescu, Codrut-Constantin"]
[Result "1-0"]
[WhiteTitle "CM"]
[BlackTitle "IM"]
[WhiteElo "2191"]
[BlackElo "2193"]
[WhiteFideId "21080763"]
[BlackFideId "1202200"]
[EventDate "2025.06.03"]

1. d4 Nf6 2. Nc3 d5 3. Bf4 a6 4. e3 e6 5. g4 b5 6. g5 Nfd7 7. h4 c5 8. Nf3 Nc6
9. Bh3 Bb7 10. h5 Qe7 11. Qd2 c4 12. a4 b4 13. Ne2 Nb6 14. a5 c3 15. bxc3 Nc4
16. Qd3 f5 17. gxf6 gxf6 18. e4 dxe4 19. Qxc4 exf3 20. Ng3 e5 21. O-O exf4 22.
Rfe1 Ne5 23. dxe5 fxe5 24. Nf5 Qf6 25. Qc7 Be7 26. Rxe5 Qxe5 27. Qxe5 O-O-O 28.
Nxe7# 1-0